Putting wind turbines in their place (Record no. 74291)

MARC details
000 -LEADER
fixed length control field 01124cab a2200229 4500
001 - CONTROL NUMBER
control field ABS67616
008 - FIXED-LENGTH DATA ELEMENTS--GENERAL INFORMATION
fixed length control field 040324n2004 000 0 eng u
035 ## - SYSTEM CONTROL NUMBER
System control number (Sirsi) u125544
100 ## - MAIN ENTRY--PERSONAL NAME
Personal name Burall, P.
245 ## - TITLE STATEMENT
Title Putting wind turbines in their place
260 ## - PUBLICATION, DISTRIBUTION, ETC.
Date of publication, distribution, etc. 2004
490 ## - SERIES STATEMENT
Series statement Town & Country Planning
Volume/sequential designation 73(2) February 2004, 60-63(4)
520 ## - SUMMARY, ETC.
Summary, etc. Government targets for renewable energy are under threat as many planning applications have been turned down following objections over their possible detrimental visual impact. Few planning authorities have clear criteria for properly assessing such applications. However, two Norfolk local authorities, with the assistance of land use consultants, have developed a system of landscape character assessment to guide siting decisions. Includes examples of the criteria with tables and illustrations.
590 ## - LOCAL NOTE (RLIN)
Local note ABS
650 ## - SUBJECT ADDED ENTRY--TOPICAL TERM
Topical term or geographic name entry element WIND TURBINES
650 ## - SUBJECT ADDED ENTRY--TOPICAL TERM
Topical term or geographic name entry element RENEWABLE ENERGY
650 ## - SUBJECT ADDED ENTRY--TOPICAL TERM
Topical term or geographic name entry element PLANNING AUTHORITIES
650 ## - SUBJECT ADDED ENTRY--TOPICAL TERM
Topical term or geographic name entry element LANDSCAPE CHARACTER
650 ## - SUBJECT ADDED ENTRY--TOPICAL TERM
Topical term or geographic name entry element LANDSCAPE IMPACT ASSESSMENT
690 ## - LOCAL SUBJECT ADDED ENTRY--TOPICAL TERM (OCLC, RLIN)
Topical term or geographic name as entry element ENVIRONMENTAL AND LAND CONSULTANCY-ENERGY
942 ## - ADDED ENTRY ELEMENTS (KOHA)
Suppress in OPAC 0
Holdings
Withdrawn status Lost status Source of classification or shelving scheme Damaged status Not for loan Home library Current library Shelving location Date acquired Total Checkouts Full call number Barcode Date last seen Copy number Price effective from Koha item type
    Dewey Decimal Classification     London London Journal article 24/03/2004   ABS67616 125544-1001 06/08/2019 1 06/08/2019 Journal article